რუსულ-ქართულ ლექსიკონი.Русско-Грузинский словарь (ბიბ.ჩანაწერი № 38051)
[ მარტივი ფორმატი ]
| 000 -LEADER | |
|---|---|
| fixed length control field | 00758nam a2200229Ia 4500 |
| 001 - CONTROL NUMBER | |
| control field | 4037 |
| 003 - CONTROL NUMBER IDENTIFIER | |
| control field | GE_BSU |
| 008 - FIXED-LENGTH DATA ELEMENTS--GENERAL INFORMATION | |
| fixed length control field | 181216s||||||||xx |||||||||||||| ||und|| |
| 020 ## - INTERNATIONAL STANDARD BOOK NUMBER | |
| International Standard Book Number | 9992828218 |
| 040 ## - CATALOGING SOURCE | |
| Transcribing agency | GE_BSU |
| 080 ## - UNIVERSAL DECIMAL CLASSIFICATION NUMBER | |
| Universal Decimal Classification number | 81'374.822(038) |
| 245 ## - TITLE STATEMENT | |
| Title | რუსულ-ქართულ ლექსიკონი.Русско-Грузинский словарь |
| 245 ## - TITLE STATEMENT | |
| Statement of responsibility, etc. | შემდგ.მ.ბ.კანკავა.რედ.ა.დავითიანი |
| 250 ## - EDITION STATEMENT | |
| Edition statement | მეორე გამოცემა |
| 260 ## - PUBLICATION, DISTRIBUTION, ETC. | |
| Place of publication, distribution, etc. | თბილისი |
| 260 ## - PUBLICATION, DISTRIBUTION, ETC. | |
| Name of publisher, distributor, etc. | საქართველოს მაცნე |
| 300 ## - PHYSICAL DESCRIPTION | |
| Extent | 578გვ. |
| 300 ## - PHYSICAL DESCRIPTION | |
| Dimensions | 17 სმ. |
| 653 ## - INDEX TERM--UNCONTROLLED | |
| Uncontrolled term | ლექსიკონი |
| 942 ## - ADDED ENTRY ELEMENTS (KOHA) | |
| Koha item type | წიგნი |
არაა ხელმისაწვდომი ეგზემპლარები.
